| 000 | 00959nam a22002657a 4500 | ||
|---|---|---|---|
| 005 | 20240530110358.0 | ||
| 008 | 150114s2009 ua g |b 000 0 ara d | ||
| 017 |
_a2008/22864 _bمصر . دار الكتب المصرية |
||
| 020 | _a9774311299 | ||
| 040 | _aEG-CaGPL | ||
| 041 | 0 | _aara | |
| 082 | 0 | 4 |
_221 _a155.4\ _bع ع |
| 100 | 0 | _aعبدالحميد محمد على | |
| 245 | 1 | 2 |
_aالعنف ضد الاطفال / _cعبدالحميد محمد على ، منى ابراهيم قرشى |
| 250 | _aط1 | ||
| 260 |
_aالقاهرة : _bمؤسسة طيبة للطبع و النشر ، _c2009 |
||
| 300 |
_a182 ص ؛ _c24 سم |
||
| 490 | _aسلسلة الاضطرابات النفسية | ||
| 504 | _aيشتمل على ارجاعات ببليوجرافية | ||
| 650 | 0 | 4 |
_aالاطفال _xعلم نفس |
| 650 | 0 | 4 | _aالعنف |
| 700 | 0 | _aمنى ابراهيم قرشى | |
| 942 |
_2ddc _cBK |
||
| 999 |
_c60199 _d60199 |
||